| 000 | 00646nam a2200193Ia 4500 | ||
|---|---|---|---|
| 008 | 151121s9999||||xx |||||||||||||| ||und|| | ||
| 082 | _a158।4/अंबिके | ||
| 082 | _bHNW-116475 | ||
| 100 | _aअंबिके मनोज | ||
| 245 | _aसामर्थ्यशाली लीडर | ||
| 260 | _b"मिरर पब्लि,पुणे" | ||
| 260 | _c2014 | ||
| 300 | _a192 | ||
| 600 | _aअंबिके मनोज | ||
| 630 | _aसामर्थ्यशाली लीडर | ||
| 700 | _aअंबिके मनोज | ||
| 730 | _aसामर्थ्यशाली लीडर | ||
| 942 | _cBOOK | ||
| 999 |
_c1265116 _d1265113 |
||